[Event "AUTO-ADV-4793"]
[Site "http://www.queenalice.com/game.php?id=1838182"]
[Date "2024.6.7"]
[Round "1"]
[White "Daniel1962"]
[Black "avieytoa"]
[Result "0-1"]
[WhiteElo "1809"]
[BlackElo "1831"]

1. e4 e5 2. Bc4 h6 3. Nf3 Nc6 4. Nc3 Bb4 5. Nd5 Bc5 6. Qe2 Nf6 7. Nxf6+ Qxf6 8.
c3 d6 9. b4 Bb6 10. Bb5 Bd7 11. a4 a6 12. Bxc6 Bxc6 13. O-O O-O 14. a5 Ba7 15.
Bb2 Bb5 16. c4 Bc6 17. b5 axb5 18. cxb5 Bd7 19. Rfc1 c5 20. b6 Bb8 21. Qd3 Qg6
22. Nh4 Qg5 23. Nf5 Bxf5 24. exf5 Rd8 25. Rc4 Qe7 26. Qg3 f6 27. Rg4 d5 28. Qh3
Kh8 29. Bc1 Qf7 30. d3 Kh7 31. Qg3 e4 32. Qe3 Qh5 33. Qe2 Bxh2+ 34. Kf1 Qxf5 35.
dxe4 dxe4 36. Rxe4 Rd4 37. Rxd4 cxd4 38. Bd2 d3 39. Qe7 Bg3 40. f3 Rb8 41. a6
Qc8 42. axb7 Qxb7 43. Qa3 Qxb6 44. Qxd3+ Kh8 45. Be3 Qe6 46. Ra7 Bd6 47. Qg6 Bf8
48. Qg3 Rb1+ 49. Ke2 Rb2+ 50. Kd3 Rb3+ 51. Ke2 Qxe3+ 52. Kd1 Rb1+ 53. Kc2 Qb3+
54. Kd2 Rb2+ 55. Ke1 Qe3+ 0-1

[Event "AUTO-ADV-4793"]
[Site "http://www.queenalice.com/game.php?id=1838183"]
[Date "2024.6.7"]
[Round "1"]
[White "avieytoa"]
[Black "Daniel1962"]
[Result "0-1"]
[WhiteElo "1846"]
[BlackElo "1794"]

1. e4 e5 2. Nf3 d6 3. Bc4 Bg4 4. h3 Bxf3 5. Qxf3 Nf6 6. g4 Nc6 7. c3 Na5 8. Be2
Be7 9. Na3 a6 10. Nc4 Nxc4 11. Bxc4 O-O 12. d3 b5 13. Bb3 c5 14. a3 a5 15. Bd2
a4 16. Ba2 c4 17. dxc4 bxc4 18. Bxc4 Qb6 19. O-O-O Rfb8 20. b4 axb3 21. Kb2 Qc5
22. Ra1 Qxc4 23. Qd1 Nxe4 24. f3 Nf2 25. Qg1 Nxh1 26. Qxh1 d5 27. Qe1 d4 28.
Qxe5 Bf6 29. Qe1 dxc3+ 30. Bxc3 Bxc3+ 31. Qxc3 Qxc3+ 32. Kxc3 b2 33. Rb1 Rxa3+
34. Kc2 Rxf3 35. Rh1 Rbb3 36. h4 Rfc3+ 37. Kd2 b1=Q 38. Rxb1 Rxb1 39. Kxc3 f6
40. Kd3 Rb4 41. Ke3 Rxg4 42. Kf3 Rxh4 43. Kg3 g5 44. Kg2 g4 45. Kg3 Rh1 46. Kxg4
Rf1 47. Kg3 Kg7 48. Kg2 Rf5 49. Kg3 Kg6 50. Kg4 h5+ 51. Kg3 Kg5 52. Kg2 h4 53.
Kh3 Rf3+ 54. Kg2 Kg4 55. Kh2 h3 56. Kg1 Kg3 57. Kh1 Rf1# 0-1

[Event "AUTO-ADV-4793"]
[Site "http://www.queenalice.com/game.php?id=1838184"]
[Date "2024.6.7"]
[Round "1"]
[White "Daniel1962"]
[Black "altair"]
[Result "0-1"]
[WhiteElo "1814"]
[BlackElo "1754"]

1. d4 d5 2. Bf4 Nc6 3. e3 f6 4. Bb5 Bd7 5. Qh5+ g6 6. Qxd5 e6 7. Qb3 h5 8. Bxc6
Bxc6 9. Qxe6+ Be7 10. Nc3 g5 11. d5 Bd7 12. Qe4 gxf4 13. Qxf4 Bd6 14. Qe4+ Qe7
15. Qg6+ Qf7 16. Qxf7+ Kxf7 17. Ne4 f5 18. Nxd6+ cxd6 19. Nf3 Bb5 20. Nd4 Bc4
21. Nxf5 Rd8 22. b3 Bxd5 23. c4 Bxg2 24. Rg1 Be4 25. Nh4 Nf6 26. f3 Bf5 27. Nxf5
Ke6 28. e4 h4 29. h3 a6 30. O-O-O b5 31. cxb5 axb5 32. Rge1 d5 33. Nd4+ Ke5 34.
exd5+ Kxd5 35. Nxb5+ Kc5 36. Re5+ Kb4 37. Rd4+ Rxd4 38. Nxd4 Rc8+ 39. Kb2 Nd7
40. Re4 Nc5 41. Rxh4 Nd3+ 42. Kb1 Rc1# 0-1

[Event "AUTO-ADV-4793"]
[Site "http://www.queenalice.com/game.php?id=1838185"]
[Date "2024.6.7"]
[Round "1"]
[White "altair"]
[Black "Daniel1962"]
[Result "1-0"]
[WhiteElo "1742"]
[BlackElo "1805"]

1. e4 Nc6 2. d3 d5 3. h3 dxe4 4. dxe4 Qxd1+ 5. Kxd1 e5 6. Nf3 Be6 7. a3 Bc5 8.
Be3 Bxe3 9. fxe3 Nf6 10. Bd3 O-O-O 11. Nc3 Bc4 12. Ke2 Bxd3+ 13. cxd3 Nh5 14.
Rhe1 Ng3+ 15. Kf2 Nh5 16. g4 Nf6 17. Rad1 g6 18. g5 Nd7 19. Nd5 Nc5 20. d4 exd4
21. exd4 Ne6 22. Ne5 Nxe5 23. dxe5 Kb8 24. h4 a6 25. Nf6 Rxd1 26. Rxd1 Nc5 27.
b4 Ne6 28. a4 h6 29. Rd7 hxg5 30. hxg5 Nxg5 31. Kg3 Rf8 32. Nd5 c6 33. Nf6 Ka7
34. Kg4 Ne6 35. Nh7 Re8 36. Rxf7 Nd4 37. Kf4 Nc2 38. Nf6 Nxb4 39. Nxe8 Nd3+ 40.
Kg5 Nxe5 41. Re7 Nc4 42. e5 c5 43. Nd6 Nb6 44. Rxb7+ Ka8 45. Rxb6 Ka7 46. Nc4 a5
47. e6 1-0

[Event "AUTO-ADV-4793"]
[Site "http://www.queenalice.com/game.php?id=1838186"]
[Date "2024.6.7"]
[Round "1"]
[White "Daniel1962"]
[Black "carlitomontana93270"]
[Result "1-0"]
[WhiteElo "1756"]
[BlackElo "1852"]

1. e4 d6 2. Bc4 e6 3. Nc3 g6 4. d4 Bg7 5. Bd2 Nf6 6. e5 dxe5 7. dxe5 Nfd7 8. Nf3
Nxe5 9. Nxe5 Bxe5 10. Qe2 Bg7 11. Bf4 O-O 12. Rd1 Qf6 13. Bxc7 Nc6 14. O-O a6
15. Ne4 Qxb2 16. Nc5 b5 17. Bb3 Qc3 18. Bd6 Rd8 19. Rd3 Qf6 20. a4 Bf8 21. Bxf8
Rxf8 22. Ne4 Qg7 23. Rfd1 Ne5 24. Rg3 Bb7 25. axb5 axb5 26. Nd6 Bc6 27. h3 Rad8
28. f4 Nd7 29. Nxb5 Rb8 30. Na7 Rb6 31. Nxc6 Rxc6 32. Rxd7 Qf6 33. Qh5 Kh8 34.
Qh6 Rcc8 35. c4 Qc3 36. Rxc3 1-0

[Event "AUTO-ADV-4793"]
[Site "http://www.queenalice.com/game.php?id=1838187"]
[Date "2024.6.7"]
[Round "1"]
[White "carlitomontana93270"]
[Black "Daniel1962"]
[Result "1/2-1/2"]
[WhiteElo "1785"]
[BlackElo "1786"]

1. c4 Nf6 2. d3 d5 3. cxd5 Nxd5 4. e4 Nb4 5. a3 N4c6 6. g3 e5 7. Bg2 Bc5 8. Nf3
Bg4 9. O-O Nd4 10. Nbd2 Nxf3+ 11. Nxf3 Bxf3 12. Qxf3 Nc6 13. b4 Nd4 14. Qd1 Bb6
15. Be3 Qf6 16. Qd2 Nb3 17. Qb2 Nd4 18. Bxd4 Bxd4 19. Qc2 Bxa1 20. Rxa1 g5 21.
Qxc7 O-O 22. Qxb7 Rfc8 23. Qb5 Rc2 24. Rf1 Rd8 25. Qa4 Rd2 26. Qxa7 R8xd3 27. b5
Rd6 28. b6 Rxb6 29. Qa5 Rdb2 30. Qd5 Rc2 31. Bh3 Rbb2 32. Qa8+ Kg7 33. Qa7 h5
34. Bf5 h4 35. Qe3 hxg3 36. hxg3 Qc6 37. Qxg5+ Kf8 38. Qd8+ Qe8 39. Qd6+ Kg8 40.
Qh6 Rc6 41. Qh7+ Kf8 42. Qh3 Rcc2 43. Qh8+ Ke7 44. Qxe5+ Kf8 45. Qh8+ Ke7 46.
Qe5+ Kf8 47. Qh8+ Ke7 48. Qe5+ 1/2-1/2

[Event "AUTO-ADV-4795"]
[Site "http://www.queenalice.com/game.php?id=1838954"]
[Date "2024.6.21"]
[Round "1"]
[White "Daniel1962"]
[Black "serrameira"]
[Result "0-1"]
[WhiteElo "1785"]
[BlackElo "1840"]

1. d4 d5 2. Bf4 Nf6 3. c3 Nc6 4. Nf3 Bg4 5. Qb3 e6 6. Qxb7 Na5 7. Qb5+ c6 8. Qd3
Bf5 9. Qe3 Nc4 10. Qc1 Nh5 11. Bd2 Nxd2 12. Qxd2 Bd6 13. Ne5 Bxe5 14. dxe5 f6
15. exf6 Qxf6 16. e3 Bxb1 17. Rxb1 O-O 18. Ba6 Rab8 19. Qe2 g6 20. e4 Nf4 21.
Qf3 Rb6 22. Be2 Nxe2 23. Qxe2 dxe4 24. Qxe4 Qxf2+ 25. Kd1 Rd8+ 0-1

[Event "AUTO-ADV-4795"]
[Site "http://www.queenalice.com/game.php?id=1838955"]
[Date "2024.6.21"]
[Round "1"]
[White "serrameira"]
[Black "Daniel1962"]
[Result "1-0"]
[WhiteElo "1854"]
[BlackElo "1743"]

1. e4 e5 2. Nf3 d6 3. Bc4 h6 4. d4 exd4 5. Nxd4 Nf6 6. Nc3 Be6 7. Nxe6 fxe6 8.
Bxe6 Qe7 9. Bc4 Nxe4 10. Qh5+ Kd7 11. Qf5+ Kd8 12. Qxe4 Qxe4+ 13. Nxe4 Nc6 14.
Bd5 Na5 15. Bd2 b6 16. Bxa8 Nc4 17. Bd5 Nxb2 18. Bb3 g5 19. Rb1 Bg7 20. Bc3
Bxc3+ 21. Nxc3 Re8+ 22. Kd2 c5 23. Rxb2 a5 24. Nb5 Kd7 25. Nc3 Kc6 26. Bd5+ Kd7
27. Ne4 Kc7 28. Bf7 Rxe4 29. Re1 Rf4 30. Re7+ Kc6 31. f3 d5 32. Re6+ Kd7 33.
Rbxb6 Rxf7 34. Rxh6 d4 35. Ra6 g4 36. Ra7+ Ke8 37. Rh8+ Rf8 38. Ra8+ 1-0

[Event "AUTO-ADV-4795"]
[Site "http://www.queenalice.com/game.php?id=1838956"]
[Date "2024.6.21"]
[Round "1"]
[White "Daniel1962"]
[Black "Olipika"]
[Result "1-0"]
[WhiteElo "1771"]
[BlackElo "1757"]

1. d4 d5 2. Bf4 c6 3. Nf3 Nf6 4. e3 Bg4 5. h3 Bh5 6. g4 Bg6 7. Nc3 e6 8. Ne5
Nbd7 9. Nxg6 hxg6 10. g5 Ne4 11. Nxe4 dxe4 12. Bg2 c5 13. Bxe4 Qa5+ 14. c3 cxd4
15. exd4 Rh4 16. Qf3 Be7 17. Bxb7 Rb8 18. Bxb8 Nxb8 19. Qg3 Rh5 20. Qxb8+ Qd8
21. Qxa7 Rxg5 22. O-O-O Ra5 23. Bc6+ Kf8 24. Qb7 Rxa2 25. Qb3 Ra5 26. h4 Rf5 27.
Rdf1 Qd6 28. Be4 Rf4 29. f3 f5 30. Bd3 Bxh4 31. Bc4 Ke7 32. Qb7+ Qd7 33. Qxd7+
Kxd7 34. Rhg1 g5 35. b4 g4 36. b5 g3 37. Re1 Rxf3 38. Bxe6+ Kd6 39. c4 Rf2 40.
c5+ Kc7 41. Bd5 f4 42. Re7+ Kd8 43. Rxg7 f3 44. R1xg3 Bxg3 45. Rxg3 Rf1+ 46. Kd2
1-0

[Event "AUTO-ADV-4795"]
[Site "http://www.queenalice.com/game.php?id=1838957"]
[Date "2024.6.21"]
[Round "1"]
[White "Olipika"]
[Black "Daniel1962"]
[Result "1-0"]
[WhiteElo "1736"]
[BlackElo "1774"]

1. c4 e5 2. Nc3 d6 3. g3 Nc6 4. Bg2 Bd7 5. d3 Nf6 6. Nf3 h6 7. O-O g5 8. b3 g4
9. Nh4 Nd4 10. Bxb7 Rb8 11. Bg2 Be7 12. f3 gxf3 13. Nxf3 Nxf3+ 14. exf3 h5 15.
f4 exf4 16. Bxf4 h4 17. gxh4 Rxh4 18. Bg5 Rg4 19. h4 Bc6 20. Rf2 Nh5 21. Qxg4
Bxg2 22. Bxe7 Kxe7 23. Rxg2 Qh8 24. Rc1 Nf6 25. Qg5 Rg8 26. Nd5+ Kd8 27. Qxf6+
Qxf6 28. Rxg8+ Kd7 29. Nxf6+ 1-0

[Event "AUTO-ADV-4795"]
[Site "http://www.queenalice.com/game.php?id=1838958"]
[Date "2024.6.21"]
[Round "1"]
[White "Daniel1962"]
[Black "Danado"]
[Result "1-0"]
[WhiteElo "1786"]
[BlackElo "1585"]

1. e4 e5 2. Nf3 Nc6 3. Bc4 h6 4. Nc3 Nf6 5. a3 a6 6. b4 d6 7. Nd5 Nxd5 8. Bxd5
Be6 9. Bxc6+ bxc6 10. Bb2 c5 11. bxc5 dxc5 12. Bxe5 Bd6 13. O-O Bg4 14. Bxg7 Rg8
15. Bxh6 Rg6 16. Be3 Bh3 17. g3 Bxf1 18. Qxf1 Qf6 19. Kg2 Kd7 20. Rb1 Kc8 21. d4
cxd4 22. Bxd4 Qd8 23. Qc4 Qd7 24. Bb6 c6 25. Ba5 Bc7 26. Bxc7 Qxc7 27. Ne5 Rg7
28. Nxc6 Kd7 29. Rd1+ Ke8 30. e5 Kf8 31. e6 a5 32. e7+ Ke8 33. Rd8+ Rxd8 34.
exd8=Q+ Qxd8 35. Nxd8 1-0

[Event "AUTO-ADV-4795"]
[Site "http://www.queenalice.com/game.php?id=1838959"]
[Date "2024.6.21"]
[Round "1"]
[White "Danado"]
[Black "Daniel1962"]
[Result "0-1"]
[WhiteElo "1613"]
[BlackElo "1796"]

1. e4 e5 2. Nc3 Bc5 3. Nf3 d6 4. Bc4 Qe7 5. a3 Be6 6. h3 Nc6 7. d3 Bxc4 8. dxc4
Nd4 9. Nxd4 Bxd4 10. O-O Nf6 11. Be3 Bxc3 12. bxc3 Nxe4 13. Qd3 f5 14. g4 Qh4
15. Bd2 Nxd2 16. Qxd2 fxg4 17. hxg4 Qxg4+ 18. Kh1 O-O-O 19. Qd3 g5 20. Qg3 Qxc4
21. a4 Rdg8 22. Rg1 h5 23. Qf3 g4 24. Qf5+ Kb8 25. f3 Qxc3 26. a5 a6 27. Qd3
Qxd3 28. cxd3 g3 29. Raf1 h4 30. Rg2 h3 31. Rxg3 Rxg3 0-1

[Event "AUTO-OPEN-4534"]
[Site "http://www.queenalice.com/game.php?id=1839027"]
[Date "2024.6.21"]
[Round "1"]
[White "Daniel1962"]
[Black "caradepau"]
[Result "1-0"]
[WhiteElo "1776"]
[BlackElo "1592"]

1. e4 e5 2. Nf3 Nc6 3. Bc4 a6 4. d4 exd4 5. Nxd4 Na7 6. Qf3 Qf6 7. Nf5 h6 8. Nc3
Bb4 9. Bd2 Rh7 10. a3 d6 11. axb4 Be6 12. Bxe6 Qxe6 13. Nd5 O-O-O 14. c4 Qe5 15.
Bc3 Qe6 16. b5 Kb8 17. bxa6 b6 18. Nxg7 Qg6 19. Nf5 Nf6 20. Nxf6 Rhh8 21. e5
dxe5 22. Qb7# 1-0

[Event "AUTO-OPEN-4534"]
[Site "http://www.queenalice.com/game.php?id=1839029"]
[Date "2024.6.21"]
[Round "1"]
[White "Daniel1962"]
[Black "fbenevides2019"]
[Result "1-0"]
[WhiteElo "1768"]
[BlackElo "1529"]

1. d4 d5 2. Bf4 Nc6 3. e3 a6 4. Nc3 Nf6 5. Bd3 h6 6. Nf3 Bg4 7. h3 Bxf3 8. Qxf3
e6 9. Qg3 Rc8 10. e4 dxe4 11. Nxe4 Nxe4 12. Bxe4 g5 13. Bd2 Qxd4 14. Bxc6+ bxc6
15. Bc3 Qe4+ 16. Qe3 Qxe3+ 17. fxe3 Rh7 18. O-O-O f5 19. g4 fxg4 20. hxg4 Rd8
21. Bd2 Rd5 22. e4 Rb5 23. Rh3 Bg7 24. c3 c5 25. Rd3 Bf6 26. a4 Rb8 27. Be3 Be7
28. Rd7 Rb7 29. Bxc5 Rf7 30. Bxe7 Rxe7 31. Rd8+ Kf7 32. Rf1+ Kg7 33. Rff8 e5 34.
Rh8 Rb6 35. b4 Rd6 36. Rxd6 cxd6 37. Ra8 Rf7 38. Rxa6 Rf4 39. Rxd6 Rxg4 40. a5
Rxe4 41. a6 Rc4 42. a7 Rxc3+ 43. Kd2 Ra3 44. Rd7+ Kg6 45. b5 g4 46. Ke2 Kg5 47.
b6 g3 48. Rd3 Ra2+ 49. Kf1 g2+ 50. Kg1 e4 51. Rg3+ Kf4 52. Rxg2 Ra1+ 53. Kh2 h5
54. b7 Ra3 55. b8=Q+ Kf5 56. Qf8+ 1-0

[Event "AUTO-OPEN-4534"]
[Site "http://www.queenalice.com/game.php?id=1839030"]
[Date "2024.6.21"]
[Round "1"]
[White "fbenevides2019"]
[Black "Daniel1962"]
[Result "1-0"]
[WhiteElo "1501"]
[BlackElo "1796"]

1. d4 d5 2. Nc3 e6 3. Nf3 Bb4 4. Bd2 Nf6 5. h3 Nc6 6. a3 Bxc3 7. Bxc3 Ne4 8. Qd3
O-O 9. Nd2 Nxd2 10. Bxd2 e5 11. dxe5 Nxe5 12. Qd4 f6 13. e3 Be6 14. Bd3 a6 15.
Qh4 Ng6 16. Bxg6 hxg6 17. O-O g5 18. Qb4 b5 19. a4 bxa4 20. Rxa4 Bf5 21. c3 a5
22. Rxa5 Rxa5 23. Qxa5 g4 24. h4 Be4 25. f3 gxf3 26. gxf3 Bd3 27. Re1 Qb8 28.
Qxd5+ Kh8 29. Qxd3 Qxb2 30. Bc1 Qb7 31. e4 c5 32. c4 Qf7 33. Be3 Qg6+ 34. Kh2
Ra8 35. Qc2 Qh5 36. Qf2 g5 37. Bxc5 Rg8 38. Rg1 g4 39. fxg4 Qe5+ 40. Kh3 Qxe4
41. Qxf6+ Kh7 42. Bf8 Rg6 43. Qe7+ Qxe7 44. Bxe7 Re6 45. Bg5 Rc6 46. Rc1 Kg6 47.
c5 Kf7 48. h5 Kg7 49. Be3 Kh7 50. Rf1 Re6 51. Bd4 Kh6 52. Rf6+ Rxf6 53. Bxf6 Kh7
54. c6 1-0

[Event "AUTO-OPEN-4534"]
[Site "http://www.queenalice.com/game.php?id=1839031"]
[Date "2024.6.21"]
[Round "1"]
[White "Daniel1962"]
[Black "game"]
[Result "1-0"]
[WhiteElo "1812"]
[BlackElo "1447"]

1. e4 d6 2. d4 Nf6 3. Nf3 Nxe4 4. Bc4 e5 5. Be3 Be7 6. Qd3 d5 7. Bb3 exd4 8.
Qxd4 Bf6 9. Ne5 Bh4 10. Bxd5 f5 11. Bf7+ Ke7 12. Qb4+ Nd6 13. Qxh4+ g5 14. Bxg5+
Kf8 15. Bh6# 1-0

[Event "AUTO-OPEN-4534"]
[Site "http://www.queenalice.com/game.php?id=1839032"]
[Date "2024.6.21"]
[Round "1"]
[White "game"]
[Black "Daniel1962"]
[Result "0-1"]
[WhiteElo "1399"]
[BlackElo "1794"]

1. e4 e5 2. Nf3 d6 3. d3 Nc6 4. Ng5 Qe7 5. d4 Nxd4 6. Bc4 Be6 7. b3 O-O-O 8. Na3
f6 9. Nxe6 Nxe6 10. O-O g5 11. Qh5 Nc5 12. Re1 Nh6 13. Nb5 Kb8 14. a4 a6 15. Nc3
Ne6 16. Qh3 Nd4 17. Nd5 Qf7 18. Ra2 Nc6 19. Nb4 Qe8 20. Nd5 Bg7 21. b4 Nd4 22.
b5 a5 23. Qc3 b6 24. Be2 Rd7 25. h3 Qg6 26. Bg4 f5 27. exf5 Nhxf5 28. Qd3 h5 29.
Bf3 Nxf3+ 30. gxf3 g4 31. Kg2 gxh3+ 32. Kh2 Qg2# 0-1

[Event "AUTO-OPEN-4536"]
[Site "http://www.queenalice.com/game.php?id=1839491"]
[Date "2024.7.1"]
[Round "1"]
[White "bdpq"]
[Black "Daniel1962"]
[Result "1-0"]
[WhiteElo "1635"]
[BlackElo "1764"]

1. e4 c5 2. d4 cxd4 3. Qxd4 Nc6 4. Qe3 e6 5. Bb5 Qa5+ 6. Nc3 Nb4 7. Qe2 Bc5 8.
Bd2 Nxc2+ 9. Kf1 Nxa1 10. Bf4 Bd4 11. Bd3 Bxc3 12. bxc3 Qxc3 13. Nf3 Nf6 14. g3
d5 15. Kg2 dxe4 16. Bb5+ Bd7 17. Bxd7+ Nxd7 18. Ng5 Nc2 19. Qxe4 h6 20. Nxe6
fxe6 21. Rc1 Rc8 22. Qxe6+ Kd8 23. Rd1 Nd4 24. Qd6 Rc6 25. Qd5 g5 26. Be5 Rf8
27. Rxd4 Rc7 28. Bxc7+ Qxc7 29. Qe6 h5 30. Kh3 g4+ 31. Kh4 Rxf2 32. Qg8+ Ke7 33.
Re4+ Ne5 34. Qg5+ Ke6 35. h3 gxh3 36. Qxh5 h2 37. Re1 Qc3 38. Qe8+ Kd6 39. Rd1+
Rd2 40. Qf8+ Kc6 41. Qc8+ Kb6 42. Qxc3 Rxd1 43. Qb3+ Kc7 44. Qxd1 Nd3 45. Qh1 b5
46. Qxh2 a5 47. Qc2+ 1-0

[Event "AUTO-OPEN-4536"]
[Site "http://www.queenalice.com/game.php?id=1839492"]
[Date "2024.7.1"]
[Round "1"]
[White "Daniel1962"]
[Black "bdpq"]
[Result "0-1"]
[WhiteElo "1786"]
[BlackElo "1635"]

1. e4 d5 2. e5 e6 3. d4 Nc6 4. c3 Bd7 5. Nf3 Qe7 6. Qb3 b6 7. Bb5 a6 8. Bxc6
Bxc6 9. Bd2 g6 10. Bg5 f6 11. exf6 Nxf6 12. Ne5 Bb7 13. Ng4 Bg7 14. Nd2 h6 15.
Bxf6 Bxf6 16. f3 Bg5 17. Qc2 Qf7 18. Ne5 Qg7 19. Nxg6 Rg8 20. Ne5 Bf4 21. g3 Bg5
22. f4 Be7 23. Ndf3 Bd6 24. O-O-O O-O-O 25. g4 Rdf8 26. Qd2 Rf6 27. Rde1 Rgf8
28. g5 hxg5 29. Rhg1 Bxe5 30. dxe5 Rxf4 31. Nxg5 Qg6 32. Nf3 Qe8 33. Nd4 Rf2 34.
Qh6 Qa4 35. Qxe6+ Kb8 36. a3 Ka8 37. Rg7 c5 38. Ne2 Rxe2 39. Rxe2 Rf1+ 40. Kd2
Qd1+ 41. Ke3 d4+ 42. cxd4 Qxd4# 0-1

[Event "AUTO-OPEN-4536"]
[Site "http://www.queenalice.com/game.php?id=1839528"]
[Date "2024.7.1"]
[Round "1"]
[White "ricardoguevara"]
[Black "Daniel1962"]
[Result "0-1"]
[WhiteElo "1507"]
[BlackElo "1716"]

1. e4 e5 2. Nf3 d6 3. Bc4 h6 4. O-O Nc6 5. Nc3 Nd4 6. Nxd4 exd4 7. Nd5 Be6 8.
Bb5+ c6 9. Bxc6+ bxc6 10. Nb4 Qb6 11. c3 dxc3 12. bxc3 Nf6 13. Qe2 c5 14. Nc2
Be7 15. d4 cxd4 16. cxd4 Bd7 17. d5 Bb5 18. Qf3 Bxf1 19. Kxf1 Rc8 20. Be3 Qb5+
21. Kg1 Rxc2 22. h4 Qd3 23. Bxa7 Qxf3 24. Rb1 Qxe4 25. Rb8+ Bd8 26. Bb6 Rc1+ 27.
Kh2 Qxh4# 0-1

[Event "AUTO-ADV-4799"]
[Site "http://www.queenalice.com/game.php?id=1840333"]
[Date "2024.7.16"]
[Round "1"]
[White "avieytoa"]
[Black "Daniel1962"]
[Result "1-0"]
[WhiteElo "1846"]
[BlackElo "1724"]

1. e4 e6 2. d4 d5 3. e5 Ne7 4. Nf3 Nbc6 5. Nc3 Nf5 6. Bb5 Bd7 7. O-O Bb4 8. a3
Bxc3 9. bxc3 a6 10. Ba4 b5 11. Bb3 a5 12. Bd2 a4 13. Ba2 Qe7 14. Rb1 Qxa3 15.
Ra1 O-O 16. h3 Na5 17. Bxd5 Qd6 18. exd6 exd5 19. dxc7 Nc4 20. Bf4 Ncd6 21. Bxd6
Nxd6 22. Ne5 Bf5 23. Nc6 Rfe8 24. Qf3 Bxc2 25. Qxd5 Re6 26. Rfe1 Be4 27. Rxe4
Nxe4 28. Ne7+ Kf8 29. Qxa8+ Kxe7 30. c8=Q 1-0

[Event "AUTO-ADV-4799"]
[Site "http://www.queenalice.com/game.php?id=1840334"]
[Date "2024.7.16"]
[Round "1"]
[White "Daniel1962"]
[Black "avieytoa"]
[Result "0-1"]
[WhiteElo "1713"]
[BlackElo "1857"]

1. d3 e5 2. e4 Nc6 3. Nc3 Bb4 4. Bd2 Nf6 5. Nd5 Bxd2+ 6. Qxd2 Nxd5 7. exd5 Nd4
8. c3 Nf5 9. Nf3 d6 10. d4 O-O 11. dxe5 dxe5 12. Nxe5 Re8 13. f4 f6 14. g4 Nh4
15. Qf2 fxe5 16. fxe5 Rxe5+ 17. Be2 Bxg4 18. O-O-O Bxe2 19. Rde1 Qg5+ 20. Kc2
Rf8 21. Qd4 Nf3 22. Qxa7 Nxe1+ 23. Rxe1 Bd3+ 24. Kxd3 Rxe1 25. Qxb7 Rf3+ 26. Kc2
Qg2+ 27. Kb3 Rb1 28. Qc8+ Rf8 29. Qe6+ Kh8 30. Kb4 Qxb2+ 31. Kc5 Qxc3# 0-1

[Event "AUTO-ADV-4799"]
[Site "http://www.queenalice.com/game.php?id=1840361"]
[Date "2024.7.16"]
[Round "1"]
[White "Daniel1962"]
[Black "Charles56"]
[Result "1-0"]
[WhiteElo "1703"]
[BlackElo "1728"]

1. e4 e5 2. Nf3 d6 3. Bc4 h6 4. d4 exd4 5. Nxd4 a6 6. Qf3 Nf6 7. Nc3 Bg4 8. Qd3
Qd7 9. f3 Bh5 10. Nf5 Nc6 11. Be3 Bg6 12. Nd5 Nxd5 13. Bxd5 Bh7 14. Bxc6 Qxc6
15. Nd4 Qd7 16. Qb3 b6 17. c4 Be7 18. Nf5 Bxf5 19. exf5 Qxf5 20. Qa4+ Qd7 21.
Qxd7+ Kxd7 22. b4 d5 23. cxd5 Bxb4+ 24. Kf2 Kd6 25. Rhd1 g5 26. Rab1 Ba5 27. Bd4
Rhe8 28. Bg7 h5 29. Bf6 g4 30. fxg4 hxg4 31. Bh4 Re5 32. Bg3 f6 33. Bxe5+ fxe5
34. g3 Rf8+ 35. Ke3 Rf3+ 36. Ke4 b5 37. Rbc1 Rf2 38. Rc6+ Kd7 39. Rxa6 Bb6 40.
Kxe5 Rxh2 41. Kf5 b4 42. Kxg4 Kd6 43. Kf3 Rf2+ 44. Kg4 Ke5 45. d6 cxd6 46. Rxb6
Rxa2 47. Rxb4 d5 48. Rbd4 Ra5 49. Kg5 1-0

[Event "AUTO-ADV-4799"]
[Site "http://www.queenalice.com/game.php?id=1840362"]
[Date "2024.7.16"]
[Round "1"]
[White "Charles56"]
[Black "Daniel1962"]
[Result "1-0"]
[WhiteElo "1746"]
[BlackElo "1731"]

1. d4 d5 2. Nc3 e6 3. a3 Nc6 4. Nh3 Nf6 5. Bg5 Be7 6. e3 Ne4 7. Bxe7 Qxe7 8. Bd3
Nxc3 9. bxc3 e5 10. dxe5 Qxe5 11. Qd2 Bxh3 12. gxh3 f5 13. f4 Qf6 14. Bb5 O-O
15. Ke2 a6 16. Ba4 b5 17. Bb3 Ne7 18. Rhg1 c5 19. Bxd5+ Nxd5 20. Qxd5+ Kh8 21.
Qxc5 Rfc8 22. Qd4 Qh4 23. Qxg7# 1-0